Food and cooking - Statistics

General Stats
  • This quiz has been taken 538 times
  • The average score is 7 of 12
Answer Stats
Picture Answer % Correct
Aubergine / Eggplant
98%
Cucumber
91%
Carrot
88%
Watermelon
75%
Beetroot
58%
Cabbage
55%
Melon
45%
Blackberries
42%
Salmon
41%
Prawns
40%
Squid
39%
Courgette
10%
No matching quizzes found
Score Distribution
Percent of People with Each Score
Percentile by Number Answered
Your Score History
You have not taken this quiz